TB. OF COMMUNITY HEALTH NURSING FOR B. SC NURSING -1 (Record no. 21933)

MARC details
000 -LEADER
fixed length control field 00369nam a22001457a 4500
003 - CONTROL NUMBER IDENTIFIER
control field SGT
020 ## - INTERNATIONAL STANDARD BOOK NUMBER
International Standard Book Number 9788123927015
082 ## - DEWEY DECIMAL CLASSIFICATION NUMBER
Classification number 610.734
Item number C21M
100 ## - MAIN ENTRY--PERSONAL NAME
Personal name MANIVANNAN, SHYAMALA D.
245 ## - TITLE STATEMENT
Title TB. OF COMMUNITY HEALTH NURSING FOR B. SC NURSING -1
260 ## - PUBLICATION, DISTRIBUTION, ETC. (IMPRINT)
Place of publication, distribution, etc INDIA
Name of publisher, distributor, etc CBS PUB
Year of Publication 2021
300 ## - PAGE DESCRIPTION
No. of Pages 452
650 ## - SUBJECT ADDED ENTRY--TOPICAL TERM
Topical term or geographic name as entry element COMMUNITY HEALTH NURSING
942 ## - ADDED ENTRY ELEMENTS (KOHA)
Source of classification or shelving scheme Dewey Decimal Classification
Koha item type Books
942 ## - ADDED ENTRY ELEMENTS (KOHA)
-- 93
Holdings
Withdrawn status Lost status Source of classification or shelving scheme Damaged status Not for loan Collection code Home library Current library Shelving location Date acquired Vendor Name Cost, normal purchase price Volume Information (Serial or Books or Non-Book Material) SGTU Bill Number Total Checkouts Full call number Accession No. (Barcode) Date last seen Date last borrowed Bill Date Koha item type
    Dewey Decimal Classification     NURSING SGT Medical Library SGT Medical Library Text Book 09/10/2021 ABC DELHI 750.00 VOLUME-1 SGTU 13308 17 610.734 C21M FN4447 07/01/2026 25/12/2025   Books
    Dewey Decimal Classification     NURSING SGT Medical Library SGT Medical Library Text Book 09/10/2021 ABC DELHI 750.00 VOLUME-1 SGTU 13308 22 610.734 C21M FN4448 03/10/2024 12/09/2024   Books
    Dewey Decimal Classification     NURSING SGT Medical Library SGT Medical Library Text Book 09/10/2021 ABC DELHI 750.00 VOLUME-1 SGTU 13308 16 610.734 C21M FN4449 09/04/2026 24/12/2025   Books
    Dewey Decimal Classification     NURSING SGT Medical Library SGT Medical Library Text Book 09/10/2021 ABC DELHI 750.00 VOLUME-1 SGTU 13308 20 610.734 C21M FN4450 07/01/2025 07/01/2025   Books
    Dewey Decimal Classification     NURSING SGT Medical Library SGT Medical Library Text Book 09/10/2021 ABC DELHI 750.00 VOLUME-1 SGTU 13308 35 610.734 C21M FN4451 03/09/2025 23/08/2025   Books